000 00389nam a2200157Ia 4500
008 241014s9999||||xx |||||||||||||| ||und||
020 _a012545601024
060 _aHF 562 M
100 _aMeigs, Robert F.
245 0 _aAccounting: The Basis For Business Decision
250 _a9th Edition
260 _bMC Graw- Hill
300 _a1223
650 _aAccounting
942 _bIBHM
_cBK
999 _c15917
_d15917